[Event "Campeonato de Europa 2011 Femenino"]
[Site "Tbilisi GEO"]
[Date "2011.05.11"]
[Round "5.14"]
[White "Khukhashvili, Sopiko"]
[Black "Purtseladze, Maka"]
[Result "1/2-1/2"]
[WhiteElo "2421"]
[BlackElo "2352"]
[PlyCount "100"]
[EventDate "2011.05.07"]
[EventType "swiss"]
[EventRounds "11"]
[EventCountry "GEO"]
[Source "lmi"]
[SourceDate "2011.05.07"]

1. e4 c6 2. Ne2 d5 3. e5 c5 4. d4 Nc6 5. c3 Bf5 6. dxc5 Nxe5 7. Ng3 Bxb1 8.
Rxb1 e6 9. b4 Nf6 10. Bf4 Nc4 11. Bxc4 dxc4 12. Qe2 Qd3 13. Qxd3 cxd3 14. c4 a5
15. a3 axb4 16. axb4 Be7 17. O-O O-O 18. f3 h6 19. Be3 Ra3 20. Rfc1 Rd8 21. Nf1
Nd7 22. Nd2 f5 23. Rb3 Rda8 24. Rcc3 Ra1+ 25. Kf2 Ne5 26. Rxd3 Nxd3+ 27. Rxd3
Rd8 28. Rxd8+ Bxd8 29. f4 Rc1 30. b5 g5 31. g3 g4 32. Ke2 h5 33. b6 Kf7 34. Bd4
Ke7 35. c6 bxc6 36. b7 Bc7 37. Be5 Kd7 38. b8=Q Bxb8 39. Bxb8 c5 40. Be5 Kc6
41. Bf6 Rg1 42. Kf2 Rd1 43. Nf1 Rc1 44. Ne3 Rb1 45. Bc3 Rc1 46. Bd2 Ra1 47. Ke2
Ra4 48. Kd1 Ra2 49. Ke1 Ra4 50. Ke2 Kb6 1/2-1/2

[Event "Campeonato de Europa 2011 Femenino"]
[Site "Tbilisi GEO"]
[Date "2011.05.11"]
[Round "5.15"]
[White "Dzagnidze, Nana"]
[Black "Kachiani-Gersinska, Ketino"]
[Result "1-0"]
[WhiteElo "2557"]
[BlackElo "2309"]
[PlyCount "73"]
[EventDate "2011.05.07"]
[EventType "swiss"]
[EventRounds "11"]
[EventCountry "GEO"]
[Source "lmi"]
[SourceDate "2011.05.07"]

1. d4 c5 2. d5 e5 3. Nc3 d6 4. e4 Be7 5. f4 exf4 6. Bxf4 Bg5 7. Bb5+ Kf8 8. Qd2
Bxf4 9. Qxf4 Qf6 10. Qg3 Qg6 11. Qf2 Nf6 12. Nf3 Ng4 13. Qe2 a6 14. Bd3 Qh6 15.
e5 Qe3 16. exd6 b5 17. h3 Qxe2+ 18. Bxe2 Ne3 19. Kf2 Nf5 20. Ne4 Nd7 21. g4 Nh6
22. a4 b4 23. Nfd2 Bb7 24. Bf3 Rc8 25. Ng5 c4 26. Rhe1 Ng8 27. Re3 h6 28. Ne6+
fxe6 29. dxe6 Nc5 30. Nxc4 Bxf3 31. Kxf3 Nf6 32. b3 Kg8 33. Rd1 Kh7 34. d7 Rcd8
35. Nb6 Rhf8 36. e7 Nfxd7+ 37. Ke2 1-0

[Event "Campeonato de Europa 2011 Femenino"]
[Site "Tbilisi GEO"]
[Date "2011.05.11"]
[Round "5.16"]
[White "Kochetkova, Julia"]
[Black "Kosintseva, Tatiana"]
[Result "0-1"]
[WhiteElo "2341"]
[BlackElo "2559"]
[PlyCount "54"]
[EventDate "2011.05.07"]
[EventType "swiss"]
[EventRounds "11"]
[EventCountry "GEO"]
[Source "lmi"]
[SourceDate "2011.05.07"]

1. e4 c5 2. Nf3 e6 3. c3 d5 4. exd5 Qxd5 5. d4 Nf6 6. Be3 cxd4 7. cxd4 Nc6 8.
Nc3 Qd8 9. a3 Be7 10. Bd3 O-O 11. O-O b6 12. Qe2 Bb7 13. Rad1 Rc8 14. Rfe1 Na5
15. Bg5 Nd5 16. Qe4 g6 17. Qh4 f6 18. Ne4 fxg5 19. Nexg5 Bxg5 20. Nxg5 Rc7 21.
b4 Nc6 22. Rxe6 Nf4 23. Bc4 Nxe6 24. Bxe6+ Kh8 25. d5 Rg7 26. Re1 Nd4 27. Qg3
Bxd5 0-1

[Event "Campeonato de Europa 2011 Femenino"]
[Site "Tbilisi GEO"]
[Date "2011.05.11"]
[Round "5.18"]
[White "Mamedjarova, Turkan"]
[Black "Muzychuk, Mariya"]
[Result "0-1"]
[WhiteElo "2322"]
[BlackElo "2473"]
[PlyCount "86"]
[EventDate "2011.05.07"]
[EventType "swiss"]
[EventRounds "11"]
[EventCountry "GEO"]
[Source "lmi"]
[SourceDate "2011.05.07"]

1. e4 c5 2. d3 Nc6 3. g3 g6 4. Bg2 Bg7 5. f4 d6 6. Nf3 e6 7. O-O Nge7 8. c3 O-O
9. Be3 b6 10. Re1 Bb7 11. Bf2 Qd7 12. Nbd2 Rac8 13. a4 Rfd8 14. Bh3 d5 15. e5
d4 16. c4 Nb4 17. Ne4 Nf5 18. Bg2 Bxe4 19. Rxe4 Ne3 20. Qb3 Nxg2 21. Kxg2 Nc6
22. Rae1 Rb8 23. g4 a6 24. Bh4 Rdc8 25. R4e2 b5 26. axb5 axb5 27. cxb5 Nb4 28.
Kg3 Rxb5 29. Ra1 Qb7 30. Qc4 Rb8 31. Nd2 Nd5 32. Ne4 Bf8 33. Nf6+ Nxf6 34. Bxf6
Rxb2 35. Rxb2 Qxb2 36. Ra2 Qb1 37. f5 Qg1+ 38. Rg2 Qe3+ 39. Kh4 exf5 40. gxf5
Qf4+ 41. Kh3 Qxf5+ 42. Kg3 Rb1 43. Qc2 Rf1 0-1

[Event "Campeonato de Europa 2011 Femenino"]
[Site "Tbilisi GEO"]
[Date "2011.05.11"]
[Round "5.20"]
[White "Gaponenko, Inna"]
[Black "Charochkina, Daria"]
[Result "1-0"]
[WhiteElo "2455"]
[BlackElo "2320"]
[PlyCount "87"]
[EventDate "2011.05.07"]
[EventType "swiss"]
[EventRounds "11"]
[EventCountry "GEO"]
[Source "lmi"]
[SourceDate "2011.05.07"]

1. e4 c6 2. d4 d5 3. exd5 cxd5 4. c4 Nf6 5. Nc3 e6 6. Nf3 Bb4 7. cxd5 Nxd5 8.
Bd2 Nc6 9. Bd3 Be7 10. O-O O-O 11. Re1 Ndb4 12. Bf4 Nxd3 13. Qxd3 b6 14. a3 Bf6
15. Rad1 Ne7 16. Qe4 Nd5 17. Nxd5 exd5 18. Qd3 Bg4 19. Be5 Bh5 20. Rc1 Bg6 21.
Qe3 Re8 22. Bxf6 gxf6 23. Qf4 Re4 24. Qg3 Qd7 25. Qc7 Rd8 26. h3 Bh5 27. Qg3+
Kh8 28. Rxe4 dxe4 29. Nh4 Bg6 30. Rc7 Qxd4 31. Rxa7 Qd1+ 32. Kh2 Qd6 33. Rb7
Qxg3+ 34. Kxg3 Rd3+ 35. Kf4 Rb3 36. a4 e3 37. fxe3 Rb4+ 38. Kg3 Bc2 39. a5 bxa5
40. Rxb4 axb4 41. Kf4 Kg7 42. e4 Kf8 43. Nf5 Ke8 44. Ne3 1-0

[Event "Campeonato de Europa 2011 Femenino"]
[Site "Tbilisi GEO"]
[Date "2011.05.11"]
[Round "5.22"]
[White "Vakhania, Alexandra"]
[Black "Shadrina, Tatiana"]
[Result "0-1"]
[WhiteElo "2189"]
[BlackElo "2397"]
[PlyCount "72"]
[EventDate "2011.05.07"]
[EventType "swiss"]
[EventRounds "11"]
[EventCountry "GEO"]
[Source "lmi"]
[SourceDate "2011.05.07"]

1. d4 d5 2. Nf3 Nf6 3. Bf4 c5 4. e3 Nc6 5. c3 e6 6. Nbd2 Bd6 7. Ne5 Qc7 8. Ndf3
Ne4 9. Bb5 O-O 10. O-O f6 11. Nd3 c4 12. Bxd6 Nxd6 13. Bxc6 bxc6 14. Nc5 Nb7
15. b4 Nxc5 16. dxc5 e5 17. Qe2 Bg4 18. h3 Bh5 19. Qd2 f5 20. Ne1 f4 21. exf4
Rxf4 22. Nc2 Bg6 23. Ne3 Bd3 24. Rfc1 Raf8 25. a4 h5 26. Ra2 Qf7 27. b5 d4 28.
Nd1 Qg6 29. cxd4 exd4 30. b6 Be4 31. f3 Bxf3 32. b7 Qg3 33. Qf2 Qg5 34. h4 Qe5
35. gxf3 Rxf3 36. Qe2 Qg3+ 0-1

[Event "Campeonato de Europa 2011 Femenino"]
[Site "Tbilisi GEO"]
[Date "2011.05.11"]
[Round "5.23"]
[White "Milliet, Sophie"]
[Black "Cherednichenko, Svetlana"]
[Result "1-0"]
[WhiteElo "2388"]
[BlackElo "2297"]
[PlyCount "131"]
[EventDate "2011.05.07"]
[EventType "swiss"]
[EventRounds "11"]
[EventCountry "GEO"]
[Source "lmi"]
[SourceDate "2011.05.07"]

1. e4 e5 2. Nf3 d6 3. d4 exd4 4. Nxd4 Nf6 5. Nc3 Be7 6. g3 d5 7. e5 Ng4 8. Bf4
g5 9. e6 h5 10. h3 Nxf2 11. Qf3 gxf4 12. exf7+ Kf8 13. Kxf2 Bc5 14. Qxf4 Nc6
15. Nce2 Nxd4 16. Nxd4 Qd6 17. Qxd6+ Bxd6 18. Bd3 Kxf7 19. Kg2 Re8 20. Rhf1+
Kg7 21. Rf3 c5 22. Nb5 Be5 23. Raf1 Be6 24. Bf5 Bg8 25. Nc3 d4 26. Ne4 Bd5 27.
g4 hxg4 28. hxg4 Rh8 29. Rh1 Rxh1 30. Kxh1 Rh8+ 31. Kg1 Rh4 32. Kf1 b6 33. Rf2
c4 34. Rg2 b5 35. Kg1 a5 36. Re2 d3 37. cxd3 cxd3 38. Rd2 Bc4 39. b3 Bf4 40.
bxc4 Bxd2 41. Nxd2 bxc4 42. Nxc4 a4 43. Kg2 Kf6 44. Kg3 Rh1 45. Bxd3 Rd1 46.
Be2 Rc1 47. a3 Kg5 48. Kf3 Rc3+ 49. Ke4 Rc1 50. Ke3 Rb1 51. Bd3 Rb3 52. Kd4
Kxg4 53. Bc2 Rb8 54. Bxa4 Kf5 55. Bc6 Ke6 56. a4 Ke7 57. a5 Rb1 58. Kc5 Kd8 59.
Nd6 Kc7 60. Nb5+ Kb8 61. a6 Ra1 62. Kb6 Ra2 63. Bd5 Ra1 64. Be6 Ka8 65. Bb3 Rc1
66. Bd5+ 1-0

[Event "Campeonato de Europa 2011 Femenino"]
[Site "Tbilisi GEO"]
[Date "2011.05.11"]
[Round "5.24"]
[White "Matveeva, Svetlana"]
[Black "Nemcova, Katerina"]
[Result "1/2-1/2"]
[WhiteElo "2380"]
[BlackElo "2294"]
[PlyCount "38"]
[EventDate "2011.05.07"]
[EventType "swiss"]
[EventRounds "11"]
[EventCountry "GEO"]
[Source "lmi"]
[SourceDate "2011.05.07"]

1. d4 Nf6 2. c4 e6 3. Nc3 Bb4 4. e3 d5 5. a3 Bxc3+ 6. bxc3 O-O 7. cxd5 exd5 8.
Bd3 c5 9. Ne2 Nc6 10. O-O Re8 11. f3 Bd7 12. Rb1 Qc7 13. e4 c4 14. Bc2 dxe4 15.
Bf4 Qc8 16. fxe4 Nxe4 17. Bxe4 Rxe4 18. Ng3 Re8 19. Qh5 b6 1/2-1/2

[Event "Campeonato de Europa 2011 Femenino"]
[Site "Tbilisi GEO"]
[Date "2011.05.11"]
[Round "5.25"]
[White "Krivec, Jana"]
[Black "Lomineishvili, Maia"]
[Result "1-0"]
[WhiteElo "2296"]
[BlackElo "2376"]
[PlyCount "99"]
[EventDate "2011.05.07"]
[EventType "swiss"]
[EventRounds "11"]
[EventCountry "GEO"]
[Source "lmi"]
[SourceDate "2011.05.07"]

1. e4 c5 2. c3 d6 3. d4 Nf6 4. Bd3 Nc6 5. d5 Ne5 6. Bc2 b5 7. f4 Bg4 8. Ne2 Nc4
9. h3 Bd7 10. b3 Nb6 11. Nd2 g6 12. c4 Bg7 13. Bb2 O-O 14. Rb1 bxc4 15. bxc4
Qc8 16. O-O Qa6 17. Bb3 Na4 18. Ba1 Qa5 19. e5 Ne8 20. Ne4 Qa6 21. N2g3 Rb8 22.
Qc2 Rb4 23. exd6 Nxd6 24. Bxg7 Kxg7 25. Nxd6 exd6 26. f5 f6 27. fxg6 hxg6 28.
Rbe1 Rf7 29. Rf4 Rb8 30. Ref1 Rbf8 31. Ne4 Be8 32. Bxa4 Qxa4 33. Qxa4 Bxa4 34.
Nxd6 Rc7 35. Ne4 f5 36. g4 Bd7 37. gxf5 Bxf5 38. Nd6 Rh8 39. Nxf5+ gxf5 40. Kg2
Rb7 41. Rxf5 Rh4 42. Rg5+ Kh6 43. Rg4 Rxg4+ 44. hxg4 Kg5 45. Kg3 Kg6 46. d6 Rd7
47. Rd1 Kf6 48. Kf4 Ke6 49. Re1+ Kf6 50. g5+ 1-0

[Event "Campeonato de Europa 2011 Femenino"]
[Site "Tbilisi GEO"]
[Date "2011.05.11"]
[Round "5.26"]
[White "Melashvili, Nino"]
[Black "Mikadze, Miranda"]
[Result "1/2-1/2"]
[WhiteElo "2104"]
[BlackElo "2351"]
[PlyCount "99"]
[EventDate "2011.05.07"]
[EventType "swiss"]
[EventRounds "11"]
[EventCountry "GEO"]
[Source "lmi"]
[SourceDate "2011.05.07"]

1. Nf3 Nf6 2. d4 d5 3. Bf4 c6 4. e3 Bf5 5. Be2 Qb6 6. Qc1 Nbd7 7. h3 h6 8. O-O
e6 9. Nbd2 Be7 10. c4 c5 11. a4 O-O 12. a5 Qd8 13. Ne5 Rc8 14. b3 Nxe5 15. dxe5
Nd7 16. Bf3 Nb8 17. Rd1 Nc6 18. a6 b6 19. Nf1 Qc7 20. cxd5 Nxe5 21. e4 Nxf3+
22. gxf3 e5 23. Bg3 Bxh3 24. Qc3 Bd6 25. Ne3 b5 26. Ng4 f5 27. Nxe5 f4 28. Ng6
fxg3 29. e5 Bxe5 30. Qxe5 Qxe5 31. Nxe5 Rce8 32. Re1 Rf5 33. Nc6 Rxf3 34. fxg3
Rxe1+ 35. Rxe1 Rxg3+ 36. Kh2 Rxb3 37. Nxa7 Bg4 38. Nxb5 Rxb5 39. a7 Ra5 40.
Re8+ Kf7 41. a8=Q Rxa8 42. Rxa8 g5 43. Ra6 Bf3 44. Rxh6 Bxd5 45. Rd6 Be6 46.
Kg3 c4 47. Rc6 Ke7 48. Rc5 g4 49. Rxc4 Bxc4 50. Kxg4 1/2-1/2

[Event "Campeonato de Europa 2011 Femenino"]
[Site "Tbilisi GEO"]
[Date "2011.05.11"]
[Round "5.28"]
[White "Houska, Jovanka"]
[Black "Kazimova, Narmin Nizami qizi"]
[Result "0-1"]
[WhiteElo "2429"]
[BlackElo "2262"]
[PlyCount "89"]
[EventDate "2011.05.07"]
[EventType "swiss"]
[EventRounds "11"]
[EventCountry "GEO"]
[Source "lmi"]
[SourceDate "2011.05.07"]

1. d4 Nf6 2. Nf3 e6 3. c4 b6 4. g3 Ba6 5. b3 Bb4+ 6. Bd2 Be7 7. Bg2 c6 8. Bc3
d5 9. Ne5 Nfd7 10. Nxd7 Nxd7 11. Nd2 f5 12. O-O O-O 13. Bb2 Rc8 14. Rc1 b5 15.
Rc2 bxc4 16. bxc4 Qa5 17. Bc3 Qa4 18. Qc1 dxc4 19. e4 Ba3 20. Qd1 Nf6 21. Re1
Rcd8 22. Nb1 c5 23. d5 Bb4 24. a3 Ba5 25. Qd2 fxe4 26. Bh3 Bc8 27. Bxa5 Rxd5
28. Qc3 Rd3 29. Qxc4 Qxa5 30. Bxe6+ Kh8 31. Rec1 Bxe6 32. Qxe6 Qd8 33. Rxc5
Rd1+ 34. Kg2 Qd3 35. Rxd1 Qf3+ 36. Kh3 Qxd1 37. Rc8 Qh5+ 38. Kg2 Qf3+ 39. Kg1
Ne8 40. Qa2 Qd1+ 41. Kg2 Qf3+ 42. Kg1 e3 43. Rc2 Nf6 44. fxe3 Ng4 45. Nd2 0-1

[Event "Campeonato de Europa 2011 Femenino"]
[Site "Tbilisi GEO"]
[Date "2011.05.11"]
[Round "5.29"]
[White "Foisor, Mihaela-Veronica"]
[Black "Zhukova, Natalia"]
[Result "1-0"]
[WhiteElo "2220"]
[BlackElo "2428"]
[PlyCount "165"]
[EventDate "2011.05.07"]
[EventType "swiss"]
[EventRounds "11"]
[EventCountry "GEO"]
[Source "lmi"]
[SourceDate "2011.05.07"]

1. d4 Nf6 2. c4 e6 3. Nc3 c5 4. d5 exd5 5. cxd5 d6 6. Nf3 g6 7. Bf4 a6 8. a4
Bg7 9. h3 O-O 10. e4 Re8 11. Nd2 Nxe4 12. Ncxe4 f5 13. Be2 fxe4 14. Nc4 Nd7 15.
Bxd6 Ne5 16. Bxe5 Bxe5 17. Nxe5 Rxe5 18. Qb3 b6 19. Rd1 Qd6 20. O-O Ra7 21. Qg3
Rf7 22. Bc4 Kg7 23. Qc3 Rf6 24. Rde1 Re7 25. f3 e3 26. Rxe3 Rxe3 27. Qxe3 Bxh3
28. Re1 Bd7 29. Qe7+ Kh6 30. Re4 Qxe7 31. Rxe7 Bxa4 32. Bxa6 Rd6 33. Bb7 Bb3
34. Re3 c4 35. Kf2 Kg5 36. Re7 h5 37. Ke3 Kf6 38. Rc7 Ke5 39. Rf7 g5 40. Re7+
Kf6 41. Rh7 c3 42. bxc3 Bxd5 43. Bxd5 Rxd5 44. Rxh5 Kg6 45. Rh8 Rc5 46. Kd4 Rc6
47. Rf8 Rd6+ 48. Kc4 Rc6+ 49. Kb4 Kg7 50. Rf5 Kg6 51. g4 Re6 52. c4 Re3 53. Kb5
Rb3+ 54. Kc6 Rc3 55. Kd5 Rc1 56. Re5 Rd1+ 57. Kc6 Rc1 58. Kb5 Rb1+ 59. Kc6 Rb4
60. Re4 Kf7 61. Kd5 Rb3 62. Re5 Rxf3 63. Rxg5 Rd3+ 64. Ke4 Rc3 65. Kd4 Rg3 66.
Rf5+ Ke6 67. Re5+ Kd6 68. Rd5+ Kc6 69. Rg5 Rg1 70. Rg6+ Kb7 71. g5 Rd1+ 72. Ke5
Rc1 73. Kd5 Rd1+ 74. Ke6 Rd4 75. Rg7+ Kc6 76. Rg8 Kb7 77. g6 Rxc4 78. Re8 Re4+
79. Kf7 Rf4+ 80. Kg8 Kc6 81. Re5 b5 82. g7 Rg4 83. Kf7 1-0

[Event "Campeonato de Europa 2011 Femenino"]
[Site "Tbilisi GEO"]
[Date "2011.05.11"]
[Round "5.31"]
[White "Semenova, Elena"]
[Black "Mamedjarova, Zeinab"]
[Result "1/2-1/2"]
[WhiteElo "2188"]
[BlackElo "2342"]
[PlyCount "87"]
[EventDate "2011.05.07"]
[EventType "swiss"]
[EventRounds "11"]
[EventCountry "GEO"]
[Source "lmi"]
[SourceDate "2011.05.07"]

1. e4 e5 2. Nf3 d6 3. d4 exd4 4. Nxd4 Nf6 5. Nc3 Be7 6. g3 O-O 7. Bg2 c6 8. O-O
Re8 9. h3 Bf8 10. Bf4 Nbd7 11. g4 Nc5 12. Re1 Qb6 13. Nb3 Ne6 14. Be3 Qc7 15.
g5 Nd7 16. f4 d5 17. e5 Ndc5 18. Ne2 Ne4 19. Bxe4 dxe4 20. Ng3 c5 21. Qe2 b6
22. c4 Bb7 23. Qf2 Rad8 24. Rad1 Nd4 25. Nxd4 cxd4 26. Rxd4 Rxd4 27. Bxd4 Rd8
28. Be3 Qxc4 29. b3 Qe6 30. Kh2 Rd3 31. Rc1 Bc6 32. Nf1 Bc5 33. Re1 Bd7 34. Qg2
g6 35. Kg1 Qxh3 36. Qxh3 Bxh3 37. Bxc5 bxc5 38. Ne3 Rd2 39. Rd1 Rxa2 40. Nd5
Kf8 41. Nf6 Ke7 42. Rd6 e3 43. Ng8+ Ke8 44. Nf6+ 1/2-1/2

[Event "Campeonato de Europa 2011 Femenino"]
[Site "Tbilisi GEO"]
[Date "2011.05.11"]
[Round "5.32"]
[White "Gvetadze, Sopio"]
[Black "Tereladze, Sopiko"]
[Result "1-0"]
[WhiteElo "2330"]
[BlackElo "2177"]
[PlyCount "83"]
[EventDate "2011.05.07"]
[EventType "swiss"]
[EventRounds "11"]
[EventCountry "GEO"]
[Source "lmi"]
[SourceDate "2011.05.07"]

1. e4 c5 2. Nf3 d6 3. d4 cxd4 4. Nxd4 Nf6 5. Nc3 a6 6. Be2 e5 7. Nb3 Be7 8. O-O
O-O 9. Be3 Be6 10. Bf3 b5 11. a4 b4 12. Nd5 Nxd5 13. exd5 Bf5 14. a5 Nd7 15.
Qd2 Rc8 16. Rfc1 Nc5 17. Qxb4 Bxc2 18. Nxc5 dxc5 19. Qc4 Bf5 20. Qxa6 e4 21.
Be2 Qxd5 22. Qc4 Qe5 23. b3 Be6 24. Qc2 f5 25. Bd2 Bd6 26. g3 f4 27. Bc4 e3 28.
Bc3 exf2+ 29. Qxf2 Qf5 30. Rd1 Bb8 31. Qe2 Bxc4 32. Qxc4+ Kh8 33. Rd5 Qg4 34.
a6 Rf7 35. Rad1 h6 36. Rd8+ Rf8 37. R8d7 Rg8 38. a7 Bxa7 39. R1d6 Qg5 40. Qxf4
c4+ 41. Rxa7 Qxf4 42. gxf4 1-0

[Event "Campeonato de Europa 2011 Femenino"]
[Site "Tbilisi GEO"]
[Date "2011.05.11"]
[Round "5.33"]
[White "Daulyte, Deimante"]
[Black "Shaydullina, Sandugach"]
[Result "1-0"]
[WhiteElo "2306"]
[BlackElo "2160"]
[PlyCount "47"]
[EventDate "2011.05.07"]
[EventType "swiss"]
[EventRounds "11"]
[EventCountry "GEO"]
[Source "lmi"]
[SourceDate "2011.05.07"]

1. e4 e5 2. Nf3 Nc6 3. Bc4 Bc5 4. b4 Bb6 5. d3 Nf6 6. Bg5 d6 7. c3 O-O 8. Nbd2
a6 9. O-O h6 10. Bh4 g5 11. Nxg5 hxg5 12. Bxg5 Kg7 13. Qf3 Rh8 14. Rfe1 Be6 15.
Nf1 Qe7 16. Ng3 Bxf2+ 17. Qxf2 Ng4 18. Nf5+ Bxf5 19. Qxf5 f6 20. Bxf6+ Nxf6 21.
Qg5+ Kf8 22. Rf1 Ke8 23. Rxf6 Kd8 24. Raf1 1-0

[Event "Campeonato de Europa 2011 Femenino"]
[Site "Tbilisi GEO"]
[Date "2011.05.11"]
[Round "5.35"]
[White "Gavasheli, Ana"]
[Black "Severiukhina, Zoja"]
[Result "1/2-1/2"]
[WhiteElo "2160"]
[BlackElo "2291"]
[PlyCount "102"]
[EventDate "2011.05.07"]
[EventType "swiss"]
[EventRounds "11"]
[EventCountry "GEO"]
[Source "lmi"]
[SourceDate "2011.05.07"]

1. c4 g6 2. g3 Bg7 3. Bg2 d6 4. Nc3 e5 5. d3 Nc6 6. e3 Nh6 7. Nge2 Be6 8. Rb1
Qd7 9. h4 O-O 10. Qa4 f5 11. b4 f4 12. exf4 exf4 13. Bxf4 Rxf4 14. gxf4 Re8 15.
Kd2 Ng4 16. Bxc6 bxc6 17. f3 Nf2 18. Rhf1 Nxd3 19. Kxd3 Bf5+ 20. Kd2 Qe6 21.
Ne4 Bxe4 22. fxe4 Qxe4 23. Qd1 Qe3+ 24. Kc2 Qa3 25. Kd2 Qxa2+ 26. Ke1 Bc3+ 27.
Kf2 Bd4+ 28. Ke1 Rxe2+ 29. Qxe2 Qxb1+ 30. Kd2 Qxb4+ 31. Kd3 Qc3+ 32. Ke4 Bf6
33. h5 a5 34. hxg6 hxg6 35. Qd3 Qxd3+ 36. Kxd3 a4 37. Rb1 a3 38. Rb8+ Kf7 39.
Ra8 Bb2 40. Kc2 Ke6 41. Rc8 Kf5 42. Rxc7 Kxf4 43. Rxc6 Ke5 44. c5 dxc5 45. Rxg6
c4 46. Rg8 Kd4 47. Rd8+ Kc5 48. Rc8+ Kb5 49. Rb8+ Ka5 50. Ra8+ Kb6 51. Rc8 Kb5
1/2-1/2

[Event "Campeonato de Europa 2011 Femenino"]
[Site "Tbilisi GEO"]
[Date "2011.05.11"]
[Round "5.37"]
[White "Hairapetian, Anna"]
[Black "Bulmaga, Irina"]
[Result "0-1"]
[WhiteElo "2128"]
[BlackElo "2284"]
[PlyCount "96"]
[EventDate "2011.05.07"]
[EventType "swiss"]
[EventRounds "11"]
[EventCountry "GEO"]
[Source "lmi"]
[SourceDate "2011.05.07"]

1. e4 c5 2. Nf3 d6 3. d4 cxd4 4. Nxd4 Nf6 5. Nc3 a6 6. Be2 e5 7. Nb3 Be7 8. O-O
Be6 9. Bf3 O-O 10. a4 a5 11. Re1 Na6 12. Bg5 Nb4 13. Nb5 Qb6 14. c3 Na6 15. Be3
Nc5 16. Nxc5 dxc5 17. Qc2 Bc4 18. Na3 Bb3 19. Qe2 Qe6 20. Qb5 c4 21. Bd1 Bxd1
22. Rexd1 Bxa3 23. Rxa3 Nxe4 24. Qxb7 Nf6 25. Raa1 h6 26. Rd2 Ng4 27. Bc5 Rfb8
28. Qe4 Nf6 29. Qf3 e4 30. Qe2 Rd8 31. Rad1 Rd3 32. Bd4 Nd5 33. f3 f5 34. fxe4
fxe4 35. g3 Re8 36. Rf1 Qg6 37. Rdd1 h5 38. Rde1 h4 39. g4 h3 40. Rf5 Nf6 41.
Bxf6 gxf6 42. Ref1 Kg7 43. Rxf6 Qxf6 44. Rxf6 Kxf6 45. Kf1 Ke5 46. g5 Rf8+ 47.
Ke1 Rff3 48. Qc2 Rde3+ 0-1

[Event "Campeonato de Europa 2011 Femenino"]
[Site "Tbilisi GEO"]
[Date "2011.05.11"]
[Round "5.38"]
[White "Tsatsalashvili, Keti"]
[Black "Fataliyeva, Ulviyya Hasil qizi"]
[Result "1/2-1/2"]
[WhiteElo "2280"]
[BlackElo "2105"]
[PlyCount "116"]
[EventDate "2011.05.07"]
[EventType "swiss"]
[EventRounds "11"]
[EventCountry "GEO"]
[Source "lmi"]
[SourceDate "2011.05.07"]

1. d4 e6 2. c4 Bb4+ 3. Nd2 f5 4. Ngf3 Nf6 5. e3 b6 6. Bd3 Bb7 7. O-O O-O 8. a3
Bxd2 9. Nxd2 a5 10. b3 Qe8 11. f3 e5 12. d5 e4 13. fxe4 fxe4 14. Bc2 d6 15. Bb2
Nbd7 16. Rf4 c6 17. dxc6 Bxc6 18. Nf1 Qe6 19. Ng3 a4 20. b4 Ne5 21. Nxe4 Nxe4
22. Bxe4 Rxf4 23. Bxc6 Nxc6 24. exf4 Rf8 25. Qd2 Re8 26. h3 Qxc4 27. Rc1 Re2
28. Rxc4 Rxd2 29. Bxg7 Ne7 30. Rd4 Ra2 31. Bf6 Nf5 32. Rd3 Kf7 33. Bd8 b5 34.
g4 Ne7 35. Rxd6 Rxa3 36. Bxe7 Kxe7 37. Rb6 Rxh3 38. Kg2 Rb3 39. Rxb5 a3 40. Ra5
Rxb4 41. Kg3 Rb3+ 42. Kh4 Kf6 43. Ra6+ Kg7 44. Ra7+ Kg8 45. Kg5 Rf3 46. f5 Rb3
47. Kf6 Rb6+ 48. Ke7 Kg7 49. g5 Rb2 50. Ke6+ Kg8 51. Ra8+ Kg7 52. f6+ Kg6 53.
Rg8+ Kh5 54. f7 a2 55. Ra8 Rb6+ 56. Kf5 Rb1 57. Ke6 Re1+ 58. Kd6 Rf1 1/2-1/2

[Event "Campeonato de Europa 2011 Femenino"]
[Site "Tbilisi GEO"]
[Date "2011.05.11"]
[Round "5.40"]
[White "Gevorgyan, Maria"]
[Black "Sharevich, Anna"]
[Result "1/2-1/2"]
[WhiteElo "2065"]
[BlackElo "2378"]
[PlyCount "67"]
[EventDate "2011.05.07"]
[EventType "swiss"]
[EventRounds "11"]
[EventCountry "GEO"]
[Source "lmi"]
[SourceDate "2011.05.07"]

1. e4 c5 2. Nc3 e6 3. Nf3 a6 4. g3 Nc6 5. Bg2 Qc7 6. O-O Nf6 7. d3 Be7 8. Bf4
d6 9. Qe2 e5 10. Bc1 Be6 11. h3 O-O 12. Nd1 b5 13. c3 Rad8 14. Ng5 d5 15. Nxe6
fxe6 16. b3 b4 17. Bb2 bxc3 18. Nxc3 Nd4 19. Qd1 Nb5 20. Qe2 Nd4 21. Qd1 c4 22.
bxc4 dxc4 23. dxc4 Rb8 24. Rb1 Qxc4 25. Ba1 Bb4 26. Qa4 Qc5 27. Nd1 a5 28. Kh2
h5 29. Nb2 Qc3 30. Rbc1 Qa3 31. Rcd1 Nf3+ 32. Bxf3 Qxf3 33. Qc6 Rfe8 34. Rd3
1/2-1/2

[Event "Campeonato de Europa 2011 Femenino"]
[Site "Tbilisi GEO"]
[Date "2011.05.11"]
[Round "5.42"]
[White "Motycakova, Monika"]
[Black "Stojanovic, Andjelija"]
[Result "1/2-1/2"]
[WhiteElo "2107"]
[BlackElo "2326"]
[PlyCount "80"]
[EventDate "2011.05.07"]
[EventType "swiss"]
[EventRounds "11"]
[EventCountry "GEO"]
[Source "lmi"]
[SourceDate "2011.05.07"]

1. e4 c5 2. Nf3 e6 3. c4 Nc6 4. Nc3 Nge7 5. Be2 Nd4 6. Nxd4 cxd4 7. Nb5 Nc6 8.
Qb3 a6 9. Na3 Be7 10. O-O O-O 11. Nc2 d6 12. f4 f5 13. Qf3 fxe4 14. Qxe4 d5 15.
cxd5 exd5 16. Qf3 Ne5 17. Qb3 d3 18. Bxd3 Nxd3 19. Qxd3 Bf5 20. Qb3 Bc5+ 21.
Kh1 Qb6 22. d4 Qxb3 23. axb3 Bxc2 24. dxc5 Rae8 25. b4 Re2 26. Kg1 Rfe8 27. Ra3
d4 28. Raf3 d3 29. R3f2 Rxf2 30. Kxf2 Re2+ 31. Kf3 Bb3 32. Rf2 Bd5+ 33. Kg3 Re1
34. Bd2 Re6 35. f5 Re4 36. Bc3 h5 37. h3 h4+ 38. Kh2 Kf7 39. f6 gxf6 40. Rxf6+
Ke7 1/2-1/2

[Event "Campeonato de Europa 2011 Femenino"]
[Site "Tbilisi GEO"]
[Date "2011.05.11"]
[Round "5.44"]
[White "Aginian, Nelly"]
[Black "Goryachkina, Aleksandra"]
[Result "0-1"]
[WhiteElo "2284"]
[BlackElo "2103"]
[PlyCount "58"]
[EventDate "2011.05.07"]
[EventType "swiss"]
[EventRounds "11"]
[EventCountry "GEO"]
[Source "lmi"]
[SourceDate "2011.05.07"]

1. e4 c5 2. Nf3 d6 3. d4 cxd4 4. Nxd4 Nf6 5. Nc3 a6 6. Be3 e6 7. f3 b5 8. g4 h6
9. h4 b4 10. Na4 Bd7 11. b3 Bxa4 12. bxa4 Qc7 13. Rg1 Be7 14. Qd2 Nfd7 15. g5
Nc6 16. O-O-O hxg5 17. hxg5 Nc5 18. g6 f6 19. Bc4 Nxd4 20. Bxd4 Nxe4 21. Qe2 d5
22. Bb3 Rh2 23. Qe3 Bd6 24. Kb2 Bf4 25. Qe1 Bd2 26. Rxd2 Rxd2 27. fxe4 Rxd4 28.
exd5 Qe5 29. Qxe5 fxe5 0-1

[Event "Campeonato de Europa 2011 Femenino"]
[Site "Tbilisi GEO"]
[Date "2011.05.11"]
[Round "5.45"]
[White "Ozturk, Kubra"]
[Black "Kharatyan, Anahit"]
[Result "0-1"]
[WhiteElo "2262"]
[BlackElo "2064"]
[PlyCount "50"]
[EventDate "2011.05.07"]
[EventType "swiss"]
[EventRounds "11"]
[EventCountry "GEO"]
[Source "lmi"]
[SourceDate "2011.05.07"]

1. d4 Nf6 2. c4 e6 3. Nf3 b6 4. g3 Bb7 5. Bg2 Be7 6. Nc3 Ne4 7. Qc2 Nxc3 8.
Qxc3 f5 9. O-O Bf6 10. Qb3 d6 11. d5 e5 12. e4 Bc8 13. Qc2 fxe4 14. Qxe4 O-O
15. Bd2 a5 16. h4 Qe8 17. g4 Na6 18. Be3 Bd8 19. h5 Nc5 20. Bxc5 Rf4 21. Qe3
bxc5 22. g5 Qxh5 23. Nxe5 dxe5 24. d6 Qxg5 25. Qxc5 Bb7 0-1